KPOP: GOT7 MV songs by release date - Statistics

General Stats
  • This quiz has been taken 234 times
    197 since last reset
  • The average score is 9 of 14
Answer Stats
Date Song % Correct
January 14, 2014 Girls Girls Girls
89%
July 12, 2015 Just Right
86%
September 17, 2018 Lullaby
81%
June 22, 2014 A
78%
September 28, 2015 If You Do
75%
March 12, 2017 Never Ever
75%
September 26, 2016 Hard Carry
71%
November 16, 2014 Stop Stop It
71%
March 20, 2016 Fly
69%
March 12, 2018 Look
58%
October 09, 2017 You Are
56%
May 20, 2019 Eclipse
53%
December 03, 2018 Miracle
41%
November 22, 2015 Confession Song
25%
No matching quizzes found
Score Distribution
Percent of People with Each Score
Percentile by Number Answered
Your Score History
You have not taken this quiz since the last reset